000 00465cam a22001934a 4500
005 20250605164321.0
008 250528s ||||||||||||||||||||||||d
035 _a22934
020 _a9781861525475
040 _aGR-AtMCL
_bgre
_dGR-AtMCL
_eAACR2
245 1 _aPUBLIC RELATIONS / AN INTRODUCTION
250 _a2
260 _bBusiness Press,
_c2000
300 _a212
700 1 _aHarrison Shirley
_92156
942 _cBK
999 _c7977
_d7977